Word Ladder: Writer's Proverb Quiz Stats

 Plays Quiz Updated Sep 10, 2014

     
Support Sporcle.
Go Orange.
Score 0/40 Timer 04:00
1 Play Today
Hint 4-Letter Word % Correct
Not yoursMINE
98%
James Bond: _____ ConnerySEAN
95.2%
Become liquidMELT
95.2%
Evergreen treePINE
94.9%
Catcher's gloveMITT
94.2%
Not thatTHIS
93.6%
Ugly Duckling's final formSWAN
93.3%
Mr. McConaughey, for shortMATT
92.8%
Permanent writing implements✓PENS✓
92.6%
SkinnyTHIN
92.6%
Liquor with fermented grainMALT
91.5%
Hourglass ingredientSAND
91.1%
FastenersPINS
90.3%
Store discountSALE
89.5%
Very small amount✓MITE✓
89%
Foot's undersurfaceSOLE
88.7%
Has all her marblesSANE
88.6%
Sweatshirt's head cover✓HOOD✓
88.5%
Magician's aidWAND
87.2%
Dark greenish-blueTEAL
87.1%
Hint 4-Letter Word % Correct
FleshMEAT
87%
Logs and boardsWOOD
86.4%
CategorizeSORT
86%
Fire residueSOOT
85.9%
Painful or raw✓SORE✓
85.8%
Sentence componentWORD
85.4%
Coarse flour from crushed cornMEAL
84.2%
Needle, from physicianSHOT
83.9%
Hence✓THUS✓
83.4%
Depression's droplet✓TEAR✓
82.8%
To closeSHUT
82.4%
SectorWARD
82.1%
BlackenSEAR
81.9%
Olympic figure skater MichelleKWAN
79.6%
RuffianTHUG
79.6%
Drink quicklyCHUG
79.1%
IgnoreSHUN
72%
Differentiating function✓THAN✓
70.3%
Kirk's nemesisKHAN
68.7%
Street Fighter femme fatale: _____-liCHUN
66.8%

Today's Daily Dose

From the Vault

HR Leaders Born During Babe Ruth's Career

by MSUKent

Sports 4m
You know the Babe is prolific when sluggers born during his career are measured against him.
Remove Ads.
Support Sporcle.
Get the best of Sporcle when you Go Orange. This ad-free experience offers more features, more stats, and more fun while also helping to support Sporcle. Thank you for becoming a member.

Show Comments

Extras

Top Quizzes Today


Score Distribution

Your Account Isn't Verified!

In order to create a playlist on Sporcle, you need to verify the email address you used during registration. Go to your Sporcle Settings to finish the process.

Report this User

Report this user for behavior that violates our Community Guidelines.

Details: